[Event "Muensterland Verbandsliga 1314"]
[Site "Germany"]
[Date "2013.12.07"]
[Round "4.8"]
[White "Dehler, Markus"]
[Black "Janocha, Hans Dieter"]
[Result "1/2-1/2"]
[WhiteElo "1539"]
[BlackElo "1623"]
[PlyCount "38"]
[EventDate "2013.09.07"]
[EventType "team-tourn"]
[EventRounds "9"]
[EventCountry "GER"]
[SourceTitle "EXT 2015"]
[Source "ChessBase"]
[SourceDate "2014.11.20"]
[SourceVersion "1"]
[SourceVersionDate "2014.11.20"]
[SourceQuality "1"]
[WhiteTeam "Steinfurt"]
[BlackTeam "Muenster Indische Dame"]
[WhiteTeamCountry "GER"]
[BlackTeamCountry "GER"]

1. e4 g6 2. d4 c5 3. Nf3 cxd4 4. Nxd4 Bg7 5. Nc3 Nc6 6. Be3 Qa5 7. Qd2 Nf6 8. f3 a6 9. Nb3 Qc7 10. Be2 d6 11. 0-0 0-0 12. Bh6 Rd8 13. Bxg7 Kxg7 14. Rad1 Be6 15. Nd5 Bxd5 16. exd5 Ne5 17. Kh1 Rdc8 18. c3 Qb6 19. Qd4 Qxd4 1/2-1/2

[Event "Muensterland Verbandsklasse-B 0809"]
[Site "Germany"]
[Date "2009.01.10"]
[Round "5.8"]
[White "Janocha, Hans Dieter"]
[Black "Hohenberger, Rudolf"]
[Result "1-0"]
[WhiteElo "1597"]
[BlackElo "1353"]
[PlyCount "143"]
[EventDate "2008.09.13"]
[EventType "team-tourn"]
[EventRounds "9"]
[EventCountry "GER"]
[SourceTitle "EXT 2010"]
[Source "ChessBase"]
[SourceDate "2010.11.25"]
[SourceVersion "1"]
[SourceVersionDate "2010.11.25"]
[SourceQuality "1"]
[WhiteTeam "Muenster Indische Dame"]
[BlackTeam "Westerkappeln"]
[WhiteTeamCountry "GER"]
[BlackTeamCountry "GER"]

1. c4 e6 2. Nf3 d5 3. g3 Nd7 4. cxd5 exd5 5. Bg2 Ngf6 6. 0-0 Be7 7. b3 0-0 8. Bb2 c6 9. d3 Ne8 10. e4 dxe4 11. dxe4 Nc5 12. Qxd8 Bxd8 13. Ba3 Be7 14. Nbd2 b6 15. Rfe1 Nc7 16. Nc4 Nb5 17. Bb4 Re8 18. Rad1 Bg4 19. a4 Nc7 20. Bxc5 Bxc5 21. h3 Bxf3 22. Bxf3 b5 23. Nd6 Bxd6 24. Rxd6 Re6 25. Red1 bxa4 26. bxa4 c5 27. Rd7 Ne8 28. e5 Rc8 29. Bd5 Rxe5 30. Bxf7+ Kf8 31. Bxe8 Rcxe8 32. Rxa7 Re1+ 33. Rxe1 Rxe1+ 34. Kg2 c4 35. Rc7 Rc1 36. Kf3 c3 37. Ke3 c2 38. Rc3 Ra1 39. Kd2 c1Q+ 40. Rxc1 Rxa4 41. Rc3 Re4 42. Re3 Rd4+ 43. Ke2 Rd6 44. g4 g5 45. Kf3 Rf6+ 46. Kg3 Kg7 47. Re4 Kg6 48. f4 h6 49. f5+ Kf7 50. h4 Rd6 51. Re3 Kf6 52. hxg5+ hxg5 53. Kf3 Rb6 54. Re4 Rb3+ 55. Ke2 Rb6 56. Kd3 Kf7 57. Kd4 Kf6 58. Kc5 Ra6 59. Rb4 Ra5+ 60. Kb6 Ra1 61. Re4 Rb1+ 62. Kc6 Rc1+ 63. Kd7 Rd1+ 64. Ke8 Rd6 65. Rb4 Ke5 66. Kf7 Rf6+ 67. Kg7 Ra6 68. f6 Ra7+ 69. f7 Ke6 70. Rb6+ Ke5 71. Rf6 Rb7 72. Kg6 1-0